Fracties in het Europees Parlement - Statistieken

Algemene statistieken
  • Deze quiz is 9 keer genomen
    4 sinds de laatste reset
  • De gemiddelde score is 4 van 9
Antwoordstatistieken
Ideologie Antwoord % Correct
Centrumrechts EVP
75%
Radicaallinks Links
75%
Conservatief ECH
50%
Extreemrechts ESN
50%
Ecologisch Groenen/EVA
50%
Liberaal RENEW
50%
Centrumlinks S&D
50%
Radicaalrechts Patriotten
25%
Partijen zonder Fractie NI
0%
Geen overeenkomende quizzen gevonden
Scoreverdeling
Procent van Mensen met Elke Score
Percentiel versus Aantal Correcte Antwoorden
Uw Scoregeschiedenis
U heeft deze quiz nog niet genomen sinds de laatste reset